Constitutional Law. (Record no. 28555)

MARC details
000 -LEADER
fixed length control field 00402nam a2200181Ia 4500
020 ## - INTERNATIONAL STANDARD BOOK NUMBER
ISBN 9350289490
050 ## - CALL MARK
Classification number KM 31 .R3/
100 ## - STATEMENT OF RESPONSIBILITY--MAIN AUTHOR NAME
Personal name Rao, Mamta
245 #0 - TITLE STATEMENT
Title Constitutional Law.
260 ## - PUBLICATION, DISTRIBUTION, ETC. (IMPRINT)
Place of publication india
260 ## - PUBLICATION, DISTRIBUTION, ETC. (IMPRINT)
Name of publisher EASTERM PUB
260 ## - PUBLICATION, DISTRIBUTION, ETC. (IMPRINT)
Year of publication 2013
300 ## - PHYSICAL DESCRIPTION
Number of Pages 816 p
650 ## - SUBJECT ADDED ENTRY--TOPICAL TERM
Topical Term Constitutional Law
942 ## - ADDED ENTRY ELEMENTS (KOHA)
Koha item type Books
Holdings
Withdrawn status Lost status Source of classification or shelving scheme Damaged status Not for loan Permanent Location Current Location Shelving location Date acquired Accession Number Price effective from Koha item type
    Library of Congress Classification     Law Library Law Library Items on shelf 04/23/2025 0188284 04/23/2025 Books